000 00710nam a2200217 u 4500
005 20240228064342.0
008 080724s2007 es r 000 0 spa d
020 _a9788420470870
035 _aUPN01000158171
049 _aI
050 4 _aPZ76.3
_bK4.4
100 1 _aKeselman, Gabriela,
_d1953-
_931735
245 1 0 _aKu canguro está celoso /
_cGabriela Keselman ; il. Nora Hilb.
260 _aMadrid :
_bAlfaguara,
_cc2007.
300 _a27, [4] p. :
_bprincipalmente il. col.
440 0 _aAlfaguara infantil.
_vPictocuentos
650 4 _aCANGUROS -
_vCUENTOS Y LEYENDAS
_95979
650 4 _aVocabulario
_vLiteratura infantil
_99516
700 1 _aHilb, Nora Inés,
_d1953-
_eil.
_932428
905 _aInfantil
999 _c130285
_d130285